000 01775nam a22002897i 4500
999 _c22909
_d22909
003 AR-CdUCM
008 240521b20222022 pe||||| |||| 00| 0 spa d
020 _a978-612-49070-0-5
040 _aMUNICIPALIDAD PROVINCIAL DEL CUSCO
_cBIBLIOTECA MUNICIPAL DEL CUSCO
082 _a323.042 / H44
_bH44
100 _aHernández Muro, Alex
_949908
245 _aRepública de invisibles:
_bpolíticas, ciudadanía y activismos LGBTIQ+ /
260 _aLima :
_bMinisterio de Cultura del Perú,
_bProyecto Especial Bicentenario de la Independencia del Perú,
_c2022
300 _a288 páginas. :
_c21 cm.
500 _zBibliografía: páginas 263 - 285
505 _aEl Perú es travestismo -- Evidencias de la existencia LGTBIQ+: de las crónicas a la prensa -- Políticas de higienismo en la república -- Así mueren los maricones: disidencias en el conflicto armado -- Fin de siglo: despatologización de la homosexualidad, epidemia del VIH e inicios del movimiento LGBTI -- Violencia por prejuicio -- Ordenanzas contra la discriminación -- Decreto 1323 y los crímenes de odio -- Deudas históricas y agenda LGBTI al bicentenario -- Existimos y resistimos
650 _aEl Perú es travestismo
_949909
650 _aEvidencias de la existencia LGTBIQ+: de las crónicas a la prensa
_949910
650 _aPolíticas de higienismo en la república
_949911
650 _aFin de siglo: despatologización de la homosexualidad, epidemia del vih e inicios del movimiento lgbti
_949912
650 _aLa ideología de género y los fundamentalismos religiosos y científicos
_949913
650 _a Violencia por prejuicio
_949914
650 _aExistimos y resistimos
_949915
856 _fwww.bicentenario.gob.pe/biblioteca
942 _2ddc
_cLIBROS
945 _apbj
_d2024-05-21